Sowjetunion /

Hlavní autor: Stern, Katja
Další autoři: Stern, Heinz
Jazyk: Němčina
Vydáno: Leipzig : F.A. Brockhaus, 1963
Edice: Land und Leute
Fyzický popis: 117 s., příl.
Knihy
Uloženo v:
LEADER 00653nam a22002292a 4500
001 000960788
003 CZ BrMZK
005 20091217142855.0
007 ta
008 090817s1963 gw f er|||||||||||ger d
040 |a BOA001  |b cze 
100 1 |a Stern, Katja  |4 aut 
245 1 0 |a Sowjetunion /  |c von Katja Stern und Heinz Stern 
260 |a Leipzig :  |b F.A. Brockhaus,  |c 1963 
300 |a 117 s., příl. 
490 1 |a Land und Leute 
700 1 |a Stern, Heinz  |4 aut 
830 0 |a Land und Leute 
910 |a BOA001  |b 1-0517.227 
990 |a BK 
991 |b 200908 
996 7 |b 2619455391  |c 1-0517.227  |l MZK  |r Sklad / do 1 hodiny  |n 0  |w 000960788  |u 000010  |a 1  |e BOA001  |j MZK50  |s A